01139nam a2200241 a 4500001000200000003000900002005001700011008004100028020001800069040002500087082003300112110002700145240001900172245026500191260004900456300002100505500007100526650007300597650006500670650007200735650003400807650005600841 DO-SdBNP20220207122710.0180315s2004 dr 000 0 spa d a9789945898798 aDO-SdBNPbspacBNPHU a343.0327293 bL681c 2222 aRepública Dominicana10a[Leyes , etc.]10aLey 183-02 :bcódigo monetario y financiero (mod. por las leyes 189-11, 167-07, 92-04 ; adecuado conforme la constitución vigente, las leyes 247-12, 494-06, 498-06, el dec. . 56-10 y sus modificaciones y revisada con las leyes 126-15, 480-08, 13-07 y 6-04) aSanto Domingo :bLibrería Delma c[200-?]. a116 p. ;c21 cm. aIncluye referencias bibliográficas y notas al pie de las paginas 4aEstatuto orgánico del sistema financiero zRepública Dominicana  4aSistema financiero xLegislación zRepública Dominicana  4aInstituciones financieras xLegislación zRepública Dominicana  4aLeyeszRepública Dominicana 4aReformas constitucionales zRepública Dominicana